[Event "GCT Croatia Blitz 2021"]
[Site "Zagreb"]
[Date "2021.07.10"]
[Round "5"]
[White "Nepomniachtchi, Ian"]
[Black "Anand, Viswanathan"]
[Result "1-0"]
[WhiteElo "2792"]
[BlackElo "2753"]
[Annotator "TA"]
[PlyCount "83"]
[EventDate "2021.07.10"]
[EventType "tourn"]
[EventCountry "CRO"]
[SourceTitle "playchess.com"]
[Source "ChessBase"]
[SourceQuality "1"]

{[%evp 11,83,11,29,17,19,15,27,0,33,40,57,60,52,41,45,55,56,54,56,56,60,56,49,
51,52,52,80,64,91,71,85,55,177,167,164,165,170,165,166,165,211,204,191,191,187,
150,145,145,137,115,115,115,167,167,341,341,333,333,332,325,314,236,293,295,
277,150,479,423,552,547,533,514,466,358]} 1. c4 c5 2. Nf3 Nf6 3. Nc3 Nc6 4. d4
cxd4 5. Nxd4 e6 6. a3 Bc5 7. Nb3 {A33: Symmetrical English: 2 Nf3 Nf6 3 d4
cxd4 4 Nxd4 e6 5 Nc3 Nc6.} Bb6 8. c5 Bc7 9. g3 {[#] White has an edge.} d5 $146
(9... b6 {seems wilder.} 10. Bg2 Be5 11. O-O O-O 12. Bg5 Rb8) ({Predecessor:} 
9... b6 10. Bg2 O-O 11. O-O bxc5 12. Nxc5 Qe7 13. b4 a5 14. Rb1 axb4 15. axb4
d5 {1/2-1/2 (52) Nepomniachtchi,I (2784)-Giri,A (2764) chess24.com INT 2020})
10. cxd6 Qxd6 11. Qxd6 Bxd6 12. Bg2 O-O 13. O-O Bd7 14. Rd1 Be7 15. Be3 Rfd8
16. Nc5 Bxc5 17. Bxc5 Be8 18. Nb5 Nd5 19. e4 Nf6 20. Nd6 b6 21. Nxe8 bxc5 (
21... Rxd1+ $14 22. Rxd1 Rxe8) 22. Nxf6+ $18 gxf6 23. e5 $1 Rxd1+ 24. Rxd1 {
[%mdl 4096] Endgame KRB-KRN} Rc8 25. exf6 {And now Bxc6 would win.} Nd4 26. b4
e5 {intending ...c4.} 27. bxc5 Rxc5 28. f4 Ne6 29. fxe5 Rxe5 30. Rd5 Rxd5 31.
Bxd5 $16 {KB-KN} Nc7 (31... Nf8 $16) 32. Bc6 $1 $18 h5 $2 (32... h6 33. h4 Ne6)
33. Kg2 $1 Kh7 {[#]} 34. Kh3 $1 {[%cal Rh3h4]} Kg6 35. Kh4 Ne6 36. Bf3 Nd4 37.
Bxh5+ Kxf6 {[#]} 38. Bd1 $1 a5 $2 (38... Kg6 $16 {is more resistant.} 39. Kg4
f5+ 40. Kf4 Kf6) 39. Kg4 {White is clearly winning.} Nb5 40. a4 Nc3 41. Bc2 Nd5
{next ...Ne3+ is good for Black.} 42. Kf3 {Weighted Error Value: White=0.06/
Black=0.31} 1-0

[Event "GCT Croatia Blitz 2021"]
[Site "Zagreb"]
[Date "2021.07.10"]
[Round "5"]
[White "Grischuk, Alexander"]
[Black "Giri, Anish"]
[Result "1/2-1/2"]
[WhiteElo "2778"]
[BlackElo "2776"]
[Annotator "TA"]
[PlyCount "103"]
[EventDate "2021.07.10"]
[EventType "tourn"]
[EventCountry "CRO"]
[SourceTitle "playchess.com"]
[Source "ChessBase"]
[SourceQuality "1"]

{[%evp 12,103,14,8,25,0,-1,0,0,6,6,6,6,6,7,6,6,5,4,3,13,5,19,17,16,0,0,0,8,6,
12,0,0,-4,12,0,0,0,12,0,18,0,2,0,13,9,9,9,8,9,9,6,11,0,0,0,7,8,7,0,18,0,45,45,
45,45,45,0,0,0,0,0,0,0,0,0,0,0,0,0,0,0,0,0,0,0,0,0,0,0,0,0,0,0]} 1. Nf3 d5 2.
d4 Nf6 3. c4 e6 4. Nc3 Bb4 5. cxd5 exd5 6. Bg5 h6 7. Bh4 O-O {D38: Queen's
Gambit Declined: Ragozin Defence (4 Nf3 Bb4).} 8. Qc2 (8. e3 Bf5 9. Be2 Nbd7
10. Qb3 Qe7 11. a3 Bxc3+ 12. bxc3 b5 13. a4 a6 14. Bxf6 Nxf6 15. axb5 axb5 16.
O-O c6 17. Ne5 Qe6 18. Ra3 Nd7 19. Nxd7 Qxd7 20. Rfa1 Rxa3 21. Qxa3 Qb7 22. Qa7
Rb8 23. Qxb7 Rxb7 {1/2-1/2 (38) Grischuk,A (2777)-Giri,A (2764) Chess.com INT
2020}) 8... c5 9. e3 cxd4 10. Nxd4 Nc6 11. Nxc6 bxc6 12. Be2 g5 13. Bg3 Ne4 14.
O-O Bxc3 15. bxc3 Qf6 16. Bd3 Bf5 {[#]} (16... Nxg3 {with more complications.}
17. hxg3 Rb8 18. Qc1 Re8 19. Qa3 Qe7) 17. c4 $146 ({Predecessor:} 17. Rac1 Rfd8
18. c4 Nxg3 19. hxg3 Bxd3 20. Qxd3 d4 21. exd4 Rxd4 22. Qf3 Qxf3 23. gxf3 {
0-1 (44) Ogloblin,N (2346)-Lysyj,I (2668) Cheliabinsk 2016}) 17... Nxg3 18.
fxg3 Bxd3 19. Qxd3 dxc4 20. Qxc4 Qe6 21. Qc3 {[#] Black must now prevent Rf6.}
Rae8 22. Kh1 (22. Rae1 {seems wilder.} Qxa2 23. Qxc6 Re6 24. Qc5 a6 25. Qd4)
22... f5 (22... Re7 {keeps more tension.} 23. Rf6 Qxe3 24. Qxc6 Rb8 25. Raf1
Rb6) 23. a4 Qxe3 24. Qxc6 {Hoping for Qg6+.} Qe6 (24... Re6 {is more complex.}
25. Qd5 Rf7 26. Rad1 Qe5 27. Qb3 g4) 25. Qc5 Rf7 26. Rad1 Rc8 27. Qa5 Kg7 28.
h3 Rc2 29. Rd2 Rxd2 30. Qxd2 $11 {[%mdl 4096] Endgame KQR-KQR} Qe5 31. Qf2 Qd5
32. Kh2 Qd6 33. Kh1 Qe5 34. Re1 Qf6 35. Qf3 Qd4 36. Kh2 g4 37. hxg4 Qxg4 38.
Qc3+ Kh7 39. a5 (39. Qd2 {is more complex.} Qh5+ 40. Kg1 Qg5 41. Qd3 Qg6 42.
Qd5) 39... f4 {The position is equal.} 40. Qd3+ Kg7 41. Qd4+ Kh7 42. Qe4+ Kg7
43. Qe5+ (43. Kg1 {is interesting.} Qxg3 44. Qd4+ Kh7 45. Re6 Qg5 46. Re8)
43... Kg6 44. Qe6+ (44. gxf4 {looks sharper.} Qh4+ 45. Kg1 Qxf4 46. Qc5 Rc7 47.
Re6+) 44... Qxe6 45. Rxe6+ {KR-KR} Kg5 46. gxf4+ Rxf4 47. Ra6 Rf7 48. Kh3 Rd7
49. Rc6 Rd5 50. Ra6 Rd7 51. Rc6 Rd5 52. Ra6 {Weighted Error Value: White=0.04/
Black=0.04} 1/2-1/2

[Event "GCT Croatia Blitz 2021"]
[Site "Zagreb"]
[Date "2021.07.10"]
[Round "5"]
[White "Duda, Jan-Krzysztof"]
[Black "Mamedyarov, Shakhriyar"]
[Result "1-0"]
[WhiteElo "2738"]
[BlackElo "2782"]
[Annotator "TA"]
[PlyCount "97"]
[EventDate "2021.07.10"]
[EventType "tourn"]
[EventCountry "CRO"]
[SourceTitle "playchess.com"]
[Source "ChessBase"]
[SourceQuality "1"]

{[%evp 10,96,18,36,38,50,77,27,93,89,95,94,87,79,108,77,112,68,154,55,117,118,
135,133,158,166,170,174,183,181,204,140,313,155,367,211,195,182,231,80,173,169,
221,207,209,218,215,215,216,208,195,210,218,205,312,80,63,81,236,235,206,204,
429,449,658,569,645,638,809,625,1081,1114,861,608,756,754,616,432,503,505,485,
481,458,482,29959,29959,6172,4641,29999]} 1. d4 d5 2. c4 dxc4 3. Nf3 a6 4. e3
b5 5. a4 Bb7 6. b3 {[%cal Bb2b3,Bb3c4,Bc4c5][%mdl 32]} Nf6 {D22: Queen's
Gambit Accepted: 3 Nf3 a6 4 e3.} 7. bxc4 b4 8. Nbd2 e6 {[#]} (8... c5 $11) 9.
c5 $146 ({Predecessor:} 9. Nb3 a5 10. Bb2 Be7 11. c5 O-O 12. Bd3 Qd5 13. Qc2
Ba6 14. Bxa6 Rxa6 15. O-O Nc6 16. Rac1 Raa8 17. Rfd1 {1/2-1/2 (17) Kladiva,
L-Szonyi,K (2160) Paks 1996}) 9... Nc6 10. Bb2 Nd5 11. a5 Be7 12. Qc2 Qd7 13.
Nc4 f6 (13... O-O $14) 14. Bd3 ({Better is} 14. e4 $1 $16 {[%cal Re4d5]} Nc3
15. Bxc3 bxc3 16. Rb1 (16. Qxc3 Rd8 $14)) 14... O-O-O (14... g5 $1 $14) 15. O-O
Kb8 16. Rfd1 (16. Bxh7 g5 $15) 16... g5 17. e4 Nf4 {[#]} 18. Bf1 $1 g4 19. Ne1
h5 20. Nd3 Ng6 (20... Nxd3 $16 21. Rxd3 (21. Qxd3 e5 $14) 21... Na7) 21. Qb3 (
21. Ne3 $18 {and White stays clearly on top.}) 21... h4 $2 (21... Ka7 $16 {
was worth a try.} 22. Nxb4 Nxb4 23. Qxb4 Qc6) 22. Nxb4 (22. d5 $142 exd5 23.
exd5) 22... Nxb4 $18 23. Qxb4 g3 24. Bc3 $2 ({Don't take} 24. fxg3 $6 hxg3 25.
hxg3 Qc6) (24. Ne3 $18) 24... Qc6 (24... Qb5 $16) 25. f3 ({And not} 25. fxg3
hxg3 26. hxg3 e5 $11) 25... e5 {[#]} (25... Nf4 $142) 26. Ne3 $1 exd4 27. Bxd4
Rxd4 28. Qxd4 {Strongly threatening Rac1.} ({But not} 28. Rxd4 $6 Bxc5 29. Qc3
gxh2+ 30. Kh1 Bxd4 $16) 28... Bxc5 29. Qc3 {Threatens to win with Rac1.} Ba7
30. Rac1 {And now Qb3 would win.} Qxc3 31. Rxc3 Nf4 (31... f5 $142) 32. Bc4 $2
(32. Kh1 $18 {is more deadly.}) 32... h3 $16 33. gxh3 gxh2+ (33... Nxh3+ $16 {
is a better defense.} 34. Kg2 Nf2) 34. Kh1 $18 Nxh3 {( -> ...Nf2+)} 35. Ng4 f5
$2 (35... Nf2+ 36. Nxf2 Bxf2) 36. exf5 Ng5 (36... Ka8 $142 37. Rb3 Bc5) 37. Bd5
Rd8 38. Rb3 Bb6 39. axb6 Bxd5 40. bxc7+ Kxc7 41. Rc3+ Kb6 42. Rb1+ Ka7 43. Nxh2
Rf8 44. Rc7+ Ka8 45. Re1 Kb8 46. Rg7 Bxf3+ (46... Nf7 $18 47. Kg2 a5) 47. Nxf3
Nxf3 48. Re4 Rxf5 49. Re8# {Weighted Error Value: White=0.47/Black=0.86} 1-0

[Event "GCT Croatia Blitz 2021"]
[Site "Zagreb"]
[Date "2021.07.10"]
[Round "5"]
[White "Van Foreest, Jorden"]
[Black "Vachier-Lagrave, Maxime"]
[Result "0-1"]
[WhiteElo "2688"]
[BlackElo "2749"]
[Annotator "TA"]
[PlyCount "61"]
[EventDate "2021.07.10"]
[EventType "tourn"]
[EventCountry "CRO"]
[SourceTitle "playchess.com"]
[Source "ChessBase"]
[SourceQuality "1"]

{[%evp 9,61,14,29,19,26,20,27,36,39,-8,12,-14,-11,-13,-11,-14,-10,-15,-4,-8,-8,
-9,-8,-38,-58,-132,-103,-235,-127,-256,-260,-362,-265,-253,-281,-433,-438,-518,
-507,-1352,-1343,-1456,-5181,-2081,-1131,-6009,-5333,-29965,-29945,-29941,
-5017,-5926,-5926,-5221]} 1. e4 c5 2. Nc3 d6 3. f3 Nc6 4. Bb5 {[#]} Bd7 $146 ({
Predecessor:} 4... a6 5. Bd3 g6 6. Nd5 Bg7 7. Ne2 Nf6 8. c3 Nxd5 9. exd5 Ne5
10. Bb1 O-O {0-1 (36) Druzhinina,N-Marenkova,A Ufa 2004}) 5. Nge2 e5 6. d3 {
B23: Closed Sicilian: Lines without g3.} Nf6 7. O-O Be7 8. f4 {White has an
edge.} O-O 9. Ng3 Bg4 10. Qd2 exf4 $1 11. Qxf4 Nd4 12. Qf2 Be6 13. h3 Nd7 14.
Bxd7 Qxd7 15. Nh5 f5 {White must now prevent ...fxe4.} 16. Qg3 {[%csl Gh5]
[%cal Rg3g7]} Rf7 17. Bg5 (17. Bh6 $15 g6 18. Rac1) 17... Raf8 18. Rf2 (18.
Bxe7 $17 {is a better defense.} Qxe7 19. e5) 18... fxe4 (18... Bxg5 $19 19.
Qxg5 fxe4 {[%mdl 64] Discovered Attack} 20. Rxf7 Qxf7 21. Nxe4 h6) 19. Bxe7 (
19. Rxf7 $17 Rxf7 20. dxe4) 19... Qxe7 $19 20. Raf1 {Threatening Nxg7!} Rxf2
21. Rxf2 Rxf2 22. Qxf2 (22. Kxf2 {was the only chance.} e3+ 23. Ke1) 22... Qg5
{aiming for ...Nf3+.} 23. g4 Qc1+ {[%mdl 64] Double Attack} 24. Kg2 (24. Qf1
$142 Nf3+ 25. Kg2 Qxc2+ {[%mdl 64] Double Attack} 26. Qf2 Ne1+ 27. Kf1 Qxf2+
28. Kxf2 Nxd3+ {[%mdl 64] Double Attack} 29. Ke3) 24... e3 25. Qf4 {[#]} Qxc2+
(25... Bd5+ $142 $1 {[%mdl 512]} 26. Nxd5 Qxc2+ 27. Kg3 Ne2+ {[%mdl 64] Double
Attack} 28. Kf3 Nxf4 29. Nxe3 Qe2+ 30. Kxf4 g5+ {[%mdl 64] Deflection, Decoy}
31. Kxg5 Qxe3+ {[%mdl 64] Double Attack} 32. Kh4 Qxd3) 26. Kg3 e2 27. Kf2 Qxb2
28. Qxd6 e1=Q+ {[%mdl 64] Decoy} 29. Kxe1 Qxc3+ {[%mdl 64] [#] Double Attack}
30. Kf2 Qd2+ {[%mdl 64] Double Attack} 31. Kg3 {Weighted Error Value: White=1.
24/Black=0.26} 0-1

[Event "GCT Croatia Blitz 2021"]
[Site "Zagreb"]
[Date "2021.07.10"]
[Round "6"]
[White "Nepomniachtchi, Ian"]
[Black "Van Foreest, Jorden"]
[Result "1-0"]
[WhiteElo "2792"]
[BlackElo "2688"]
[Annotator "TA"]
[PlyCount "81"]
[EventDate "2021.07.10"]
[EventType "tourn"]
[EventCountry "CRO"]
[SourceTitle "playchess.com"]
[Source "ChessBase"]
[SourceQuality "1"]

{[%evp 9,81,14,30,13,13,0,0,-24,24,28,20,20,35,8,27,-22,0,-16,0,-54,0,-19,0,0,
0,-9,0,-4,-4,-8,-5,-52,-4,-34,-28,-24,0,0,0,0,26,25,18,25,5,2,12,0,0,0,2,3,1,2,
5,-18,-26,-43,-12,-12,464,495,1031,1019,1148,1139,1081,1059,4798,1163,1347,
1273,1306,1274]} 1. c4 c6 2. Nf3 d5 3. g3 Nf6 4. Bg2 b5 5. b3 {[#]} bxc4 $146 (
{Predecessor:} 5... e6 6. O-O Be7 7. Bb2 O-O 8. d3 Bb7 9. Nbd2 Nbd7 10. Qc2 a6
11. e4 c5 12. e5 Ne8 13. Rfe1 Nc7 14. Rad1 f5 15. exf6 Bxf6 16. d4 Rb8 17. Bc1
bxc4 18. bxc4 dxc4 19. Ne4 Bd5 20. Nxf6+ Qxf6 21. dxc5 Qe7 22. c6 Nc5 23. Ne5
Bxg2 24. Kxg2 Nd5 {1-0 (24) Hungaski,R (2507)-Flores,D (2599) Caxias do Sul
2012}) 6. bxc4 {A11: English Opening: 1...c6.} Ba6 7. Na3 e6 8. O-O {The
position is equal.} Bd6 9. Qa4 O-O 10. d3 Nfd7 11. Bb2 Nb6 12. Qc2 {aiming for
c5.} (12. Qa5 $5 {[%cal Rc4c5]} Qe7 13. Rab1 $14) 12... Qe7 13. Qc3 {[%csl Gb2]
[%cal Rc3g7]} f6 14. Nc2 (14. Bc1 $11) 14... Na4 15. Qb3 {[%cal Rb3a4]} Nc5 16.
Qc3 Na4 17. Qb3 {[%cal Rb3a4]} Nc5 18. Qa3 dxc4 19. dxc4 Bxc4 20. Qe3 e5 21.
Rfc1 Be6 22. Ba3 Nbd7 23. Nb4 Rac8 24. Nd2 Nb8 25. Nc4 Bxc4 26. Rxc4 Ne6 27.
Rac1 Nd4 28. Bb2 Bxb4 29. Bxd4 exd4 30. Qb3 {[%cal Rc4c6] Black must now
prevent Rxc6+.} Kh8 31. Rxb4 c5 32. Rb7 Qxe2 {Threatens to win with ...c4.} 33.
Bf3 Qe5 34. Rxa7 Nc6 $2 {[%mdl 8192] Black cannot hold the game after this.} (
34... Qg5 $11 {and Black is okay.} 35. Qc4 f5) 35. Bxc6 $18 {White is clearly
winning.} Rxc6 {[#]} (35... h6 $142 36. Qb5 Rb8 37. Qxc5 Rfd8 38. Qxe5 fxe5)
36. Qb7 $1 {[%csl Ga7,LRc6,LRg7][%cal Rb7g7][%mdl 64] Double Attack} Qg5 37. f4
Qg4 38. Qxc6 {Threatening mate with Ra8.} Qe2 39. Qxc5 {[%cal Rc5f8]} Qe3+ 40.
Kg2 {[%cal Rc5f8]} Rb8 {[#]} 41. Qc8+ $3 {Weighted Error Value: White=0.13/
Black=0.41} 1-0

[Event "GCT Croatia Blitz 2021"]
[Site "Zagreb"]
[Date "2021.07.10"]
[Round "6"]
[White "Mamedyarov, Shakhriyar"]
[Black "Kasparov, Garry"]
[Result "1-0"]
[WhiteElo "2782"]
[BlackElo "2812"]
[Annotator "TA"]
[PlyCount "27"]
[EventDate "2021.07.10"]
[EventType "tourn"]
[EventCountry "CRO"]
[SourceTitle "playchess.com"]
[Source "ChessBase"]
[SourceQuality "1"]

{[%evp 9,13,11,112,134,158,168]} 1. d4 d5 2. c4 dxc4 3. e3 e5 4. Nf3 exd4 5.
Bxc4 Nf6 (5... Bb4+ $1 $11 6. Bd2 Bxd2+ 7. Qxd2 (7. Kxd2 dxe3+ 8. Ke2 Qf6 $17)
7... Nf6) 6. Qb3 $16 {[%mdl 1024] White has strong compensation. D20: Queen's
Gambit Accepted: 3 e3 and 3 e4.} ({Reject} 6. Nxd4 $6 Bd6 $11) 6... Qe7 {[#]}
7. O-O $1 {[#] Not enough moves} {Predecessor:} Nc6 $146 8. exd4 Ne4 9. Nc3 f5
10. Nxe4 fxe4 11. Bg5 Nxd4 12. Nxd4 Qxg5 13. Rfe1 Qg6 14. Bd5 {1-0 (14)
Khruschiov,A (2370)-Gusev,A (2381) Tula 2019} 1-0

[Event "GCT Croatia Blitz 2021"]
[Site "Zagreb"]
[Date "2021.07.10"]
[Round "6"]
[White "Giri, Anish"]
[Black "Duda, Jan-Krzysztof"]
[Result "1/2-1/2"]
[WhiteElo "2776"]
[BlackElo "2738"]
[Annotator "TA"]
[PlyCount "117"]
[EventDate "2021.07.10"]
[EventType "tourn"]
[EventCountry "CRO"]
[SourceTitle "playchess.com"]
[Source "ChessBase"]
[SourceQuality "1"]

{[%evp 22,117,33,28,38,31,35,18,27,20,26,19,22,15,15,6,20,-12,4,-15,17,-8,-8,
-8,-8,-9,-8,-22,-23,-34,-34,-34,-26,-36,-31,-114,0,-4,39,39,39,39,39,39,60,0,0,
0,30,30,30,30,38,31,38,38,81,81,81,45,81,81,87,87,89,89,89,89,89,89,89,89,89,
89,89,89,89,89,89,89,89,89,89,89,89,0,0,0,0,0,0,0,0,0,0,0,0,0]} 1. d4 d5 2. c4
c6 3. cxd5 cxd5 4. Bf4 Nc6 5. e3 Nf6 6. Bb5 Bd7 7. Nc3 a6 8. Bd3 Bg4 9. Nge2 e6
10. O-O Bxe2 {Recently 10...Bh5 got a lot of attention.} 11. Qxe2 Bd6 12. Bg5
O-O {D10: Slav Defence: 3 cxd5 (without early Nf3) and 3 Nc3.} 13. Rac1 Rc8 14.
a3 Be7 15. Na4 {[#]} h6 $146 ({Predecessor:} 15... Ne8 16. Bxe7 Qxe7 17. Rc3
Nd6 18. Rfc1 Na7 19. Rc5 g6 20. Qe1 Rxc5 21. dxc5 Ndc8 22. g3 Nc6 {1/2-1/2 (86)
Gantner,M (2297)-Alvir,A (2367) Flims 2012}) 16. Bxf6 Bxf6 17. Nc5 Qe7 18. b4
g6 19. Nb3 Kg7 20. h3 h5 21. Rc2 e5 22. dxe5 Nxe5 23. Rfc1 Rxc2 24. Rxc2 b5 25.
Nc5 Nc4 26. a4 bxa4 27. Bxc4 dxc4 28. Qxc4 (28. Nxa4 $15 Qxb4 29. Rxc4 Qb1+ 30.
Qf1) 28... a3 (28... Rd8 $17 29. Nxa4 Rd1+ 30. Kh2 Qe5+ 31. g3 Qa1) 29. Ra2 ({
But not} 29. Qxa6 Bb2 $17) 29... Bb2 30. Nd3 ({Much worse is} 30. Nxa6 Rd8 $17)
30... Qf6 {With the idea ...Rd8.} 31. Nxb2 axb2 $14 {[%mdl 4096] Endgame
KQR-KQR} 32. Qc2 Rb8 33. Qxb2 (33. Rxb2 $14 Rb6 34. Ra2) 33... Qxb2 $11 34.
Rxb2 $14 {KR-KR} Rb5 (34... a5 $5) 35. Ra2 Rxb4 36. Rxa6 Rb1+ 37. Kh2 Rb2 38.
Kg3 Re2 39. Kf3 Rb2 40. g3 Rc2 41. Ra5 Rb2 42. g4 hxg4+ 43. hxg4 Rc2 44. g5 Rb2
45. e4 Rc2 46. Kg3 Rb2 47. f3 Rb4 48. Kf4 Rb3 49. Ra6 Rc3 50. Ra4 Rb3 51. Kg4
Re3 52. f4 Re1 53. f5 (53. Rb4 $16) 53... gxf5+ $11 {The position is equal.}
54. exf5 Rg1+ 55. Kf4 Rf1+ 56. Ke5 Rg1 57. Kf4 Rf1+ 58. Ke4 Rg1 {[#] aiming
for ...Rg4+.} 59. Kf4 {Weighted Error Value: White=0.10/Black=0.09} 1/2-1/2

[Event "GCT Croatia Blitz 2021"]
[Site "Zagreb"]
[Date "2021.07.10"]
[Round "6"]
[White "Anand, Viswanathan"]
[Black "Korobov, Anton"]
[Result "1-0"]
[WhiteElo "2753"]
[BlackElo "2683"]
[Annotator "TA"]
[PlyCount "66"]
[EventDate "2021.07.10"]
[EventType "tourn"]
[EventCountry "CRO"]
[SourceTitle "playchess.com"]
[Source "ChessBase"]
[SourceQuality "1"]

{[%evp 16,66,5,12,14,0,72,55,58,57,37,25,39,32,43,29,108,105,95,87,86,79,86,91,
137,153,150,139,140,135,158,158,222,222,210,204,287,281,283,270,271,276,289,
289,458,432,450,419,485,486,487,469,1785]} 1. e4 e6 2. d4 d5 3. Nc3 Nf6 4. e5
Nfd7 5. f4 c5 6. Nf3 Nc6 7. Be3 Be7 8. Qd2 O-O 9. dxc5 Nxc5 {C11: French:
Classical System: 4 e5 and 4 Bg5 dxe4.} 10. a3 {[#]} a5 $146 (10... Qc7 $11) ({
Predecessor:} 10... b6 11. Be2 f5 12. exf6 Bxf6 13. O-O-O Bb7 14. Rhf1 Qe7 15.
Kb1 d4 16. Nxd4 Rfd8 17. Nxc6 Bxc6 {0-1 (45) Kokarev,D (2619)-Korobov,A (2710)
Moscow 2016}) 11. Qf2 b6 {White is slightly better.} 12. O-O-O f6 13. Bb5 Qc7
14. Bxc6 Qxc6 15. exf6 Rxf6 (15... Bxf6 $11 16. Bd4 Qc7) 16. Bd4 $16 {Black is
now going downhill.} Rf8 17. Qg3 {[%csl Gd4][%cal Rg3g7]} Bf6 18. Bxf6 Rxf6 19.
f5 Bb7 (19... Rxf5 $2 20. Nd4 $18) 20. Ne5 Qe8 {[#]} 21. Ng4 $1 {[%cal Rg4f6]}
Rf8 {[#]} 22. Rhe1 $1 h5 23. Ne3 Ne4 (23... Rd8 $16) 24. Nxe4 $18 dxe4 25. Rf1
$40 {[%mdl 128] White has strong attack.} Rc8 (25... Rd8 $142) 26. f6 {[%csl
Gf6][%cal Rg3g7]} Rf7 27. fxg7 Rxg7 28. Qe5 Rc5 29. Qf6 {Strongly threatening
Rd8!} Rg6 (29... Bd5 $142 30. Qh4 Qe7) 30. Qd8 Rc8 31. Qxb6 Bd5 32. Qxa5 Qc6
33. Rf2 (33. Qa7 Rg7 $18) 33... Ba2 {Weighted Error Value: White=0.02/Black=0.
33} (33... Qa8 $142 34. Qxa8 (34. Rxd5 exd5 35. Qxd5+ Qxd5 $16) 34... Bxa8) 1-0

[Event "GCT Croatia Blitz 2021"]
[Site "Zagreb"]
[Date "2021.07.10"]
[Round "6"]
[White "Vachier-Lagrave, Maxime"]
[Black "Grischuk, Alexander"]
[Result "1-0"]
[WhiteElo "2749"]
[BlackElo "2778"]
[Annotator "TA"]
[PlyCount "120"]
[EventDate "2021.07.10"]
[EventType "tourn"]
[EventCountry "CRO"]
[SourceTitle "playchess.com"]
[Source "ChessBase"]
[SourceQuality "1"]

{[%evp 16,120,37,0,0,0,0,0,0,0,0,0,0,0,3,0,0,0,0,0,0,0,0,0,0,0,0,0,0,0,0,0,0,0,
0,0,7,10,4,0,28,27,28,27,27,24,29,28,31,10,18,10,31,0,6,6,37,0,0,0,0,0,0,0,0,0,
0,0,0,0,0,0,5,8,10,8,1164,1164,1139,904,1164,1154,1957,1908,1783,1327,1169,
1151,29956,29954,29960,29958,29959,29953,29959,11424,4006,0,0,0,3811,1121,
29962,29962,29954,7224,4627]} 1. e4 e5 2. Nf3 Nc6 3. Bb5 Nf6 4. O-O Nxe4 5. d4
Nd6 6. Bxc6 dxc6 7. dxe5 Nf5 8. Qxd8+ Kxd8 9. h3 Bd7 {C67: Ruy Lopez: Berlin
Defence: 4 0-0 Nxe4.} 10. Rd1 Be7 11. g4 Nh4 {The position is equal.} 12. Nxh4
Bxh4 13. Nd2 Kc8 14. Nf3 Be7 15. Bg5 $1 {[%mdl 4] is more profitable than 15.
Rd3 at the moment.} Bc5 16. Rd3 {aiming for Rad1.} Be6 17. Be3 Bxe3 18. Rxe3
Kd7 19. Nd4 {[#]} h5 $146 ({Predecessor:} 19... c5 20. Nxe6 Kxe6 21. f4 g6 22.
Rd1 {1/2-1/2 (22) Plas,R (2325)-Glukhovtsev,S (2393) ICCF email 2017}) 20. Rd1
{Threatening Nf5+.} Ke7 21. Nf5+ Kf8 22. Red3 {White wants to mate with Rd8+.}
Re8 23. Rd8 {And now Rxe8+ would win.} g6 24. Ne3 hxg4 25. hxg4 Kg7 26. Rxe8
Rxe8 $11 {[%mdl 4096] Endgame KRB-KRN} 27. f4 Bc8 (27... g5 $5 {[%cal Rg5f4]}
28. f5 Bxa2 $14) 28. Kf2 f6 29. exf6+ Kxf6 30. Kf3 b6 31. c4 Rh8 32. Kg3 Re8
33. Rd3 a5 34. a4 Be6 35. b3 Bc8 36. g5+ (36. c5 $5) 36... Kg7 37. Kf3 Rh8 38.
Ke4 Re8+ 39. Kd4 Rd8+ 40. Kc3 Re8 41. c5 b5 $1 42. axb5 cxb5 43. b4 axb4+ 44.
Kxb4 c6 45. Ka5 Bf5 $2 {[%mdl 8192]} (45... Kf7 $11) 46. Nxf5+ $18 gxf5 {KR-KR}
47. Rd7+ Kg6 48. Rd6+ {[%mdl 64] [#] Double Attack} Kh5 49. Rxc6 Kg4 50. Kxb5
Kxf4 51. g6 Kg5 52. g7 f4 53. Rc7 Kg6 {[#]} 54. Re7 $3 {[%mdl 512]} Rg8 (54...
Rb8+ 55. Kc4) 55. Kc4 (55. c6 $142 Kf6 56. Ra7 Kg6 57. c7 Rc8 58. Kb6 Kxg7 59.
Kb7 Rf8 60. Ra8) 55... Kf6 56. Re4 $2 ({Better is} 56. Ra7 $18 f3 57. Ra3 Rxg7
58. Rxf3+ Ke6 59. Rd3) 56... Kf5 $1 $11 {[%cal Rf5e4]} 57. Re7 {[%mdl 8192]} (
57. Re1 $11 Rxg7 58. c6) 57... Kf6 $18 58. Ra7 (58. Rb7 $142 f3 59. Rb3 Rxg7
60. Rxf3+ Ke7 61. Rd3) 58... Re8 59. c6 Rc8 60. Kc5 Kg6 {Weighted Error Value:
White=0.13/Black=0.37} 1-0